000 01140cam a2200349 a 4500
999 _c8151
_d8151
001 8151
003 BD-JhCC
005 20220322134023.0
008 020607s1996 enk | |||| ||eng||
020 _a1898091978
020 _a1898091986
020 _a1860831923
020 _a1860831931
020 _a186083194X
020 _a1860831958
029 _aR9933
035 _a(BD-JhCC)8151
035 _a1603831
040 _aBD-JhCC
_dBD-JhCC
041 _aeng
082 _bJEN 1996
_a530
100 1 _aJenkins, D.
_q(David)
245 1 0 _aA-Level physics core work books /
_cby D Jenkins.
260 _aPeterborough :
_bFirst & Best in Education Ltd,
_cc1996.
300 _a6 v. in 1 (loose-leaf) ;
_c32cm.
490 0 _aFirst & Best in Education ring bound workpacks : photocopiable resources for schools
505 8 _aContents: Book 1: Fields - Book 2: Electricity - Book 3: Waves & matter - Book 4: Thermal physics - Book 5: Mechanics - Book 6: Astrophysics.
650 0 _aPhysics
_xStudy and teaching (Secondary)
_zGreat Britain.
710 2 _aFirst and Best Education Ltd.
942 _2ddc
_cBK
_02